000 00285nam a2200121Ia 4500
008 190216s9999||||xx |||||||||||||| ||und||
100 _aVasishtha.A.R
245 0 _aModern Algebra
250 _aTWELTH
260 _bKrishna Prakasan Mandir
_c1982
650 _aMathematics
942 _cBK
999 _c30790
_d30790